ترجمان القرآن کا تحقیقی مطالہ / (Record no. 108907)

MARC details
000 -LEADER
fixed length control field 00849nam a22002537a 4500
005 - DATE AND TIME OF LATEST TRANSACTION
control field 20170123162346.0
010 ## - LIBRARY OF CONGRESS CONTROL NUMBER
LC control number A-645163
020 ## - INTERNATIONAL STANDARD BOOK NUMBER
Terms of availability 100.00
035 ## - SYSTEM CONTROL NUMBER
System control number A-645163
037 ## - SOURCE OF ACQUISITION
Source of stock number/acquisition Cen Lib/Ret
040 ## - CATALOGING SOURCE
Original cataloging agency DPL
Language of cataloging UR
082 ## - DEWEY DECIMAL CLASSIFICATION NUMBER
Classification number 270.2
Item number ق ا س
100 ## - MAIN ENTRY--PERSONAL NAME
Personal name قاسمی، اخلاق حسین
9 (RLIN) 111303
245 ## - TITLE STATEMENT
Title ترجمان القرآن کا تحقیقی مطالہ /
Statement of responsibility, etc اخلاق حسیں قاسمی
246 ## - VARYING FORM OF TITLE
Title proper/short title Tarjumanul Quran ka tahqeeqi mutala /
Remainder of title by Ikhlaq Husain Qasmi
260 ## - PUBLICATION, DISTRIBUTION, ETC. (IMPRINT)
Place of publication, distribution, etc نیی دہلی
Name of publisher, distributor, etc مولانا آزاد اکادمی
Date of publication, distribution, etc 1993
270 ## - ADDRESS
City نیی دہلی
Postal code 110020
300 ## - PHYSICAL DESCRIPTION
Extent 368p.
Dimensions 21cm(Hb)
650 ## - SUBJECT ADDED ENTRY--TOPICAL TERM
Topical term or geographic name as entry element مذہب -- اسلام
9 (RLIN) 132732
650 ## - SUBJECT ADDED ENTRY--TOPICAL TERM
Topical term or geographic name as entry element قران
9 (RLIN) 536
650 ## - SUBJECT ADDED ENTRY--TOPICAL TERM
Topical term or geographic name as entry element Religion -- Islam
9 (RLIN) 92070
650 ## - SUBJECT ADDED ENTRY--TOPICAL TERM
Topical term or geographic name as entry element Quran
9 (RLIN) 132733
942 ## - ADDED ENTRY ELEMENTS (KOHA)
Source of classification or shelving scheme Dewey Decimal Classification
Koha item type Urdu Bks
Classification part 270.2
Call number suffix ق ا س
Holdings
Withdrawn status Lost status Damaged status Not for loan Home library Current library Date acquired Source of acquisition Cost, normal purchase price Total Checkouts Full call number Barcode Date last seen Copy number Cost, replacement price Price effective from Koha item type
        Central Library Central Library 11/02/2016 1 100.00   270.2 ق ا س A-645163 11/02/2016 1 100.00 11/02/2016 Urdu Bks

© Delhi Public Library
Hit Counter
free hit counter